Where is construction's peace dividend? (Record no. 70115)

MARC details
000 -LEADER
fixed length control field 00983cam a2200229 4500
001 - CONTROL NUMBER
control field ABS65322
008 - FIXED-LENGTH DATA ELEMENTS--GENERAL INFORMATION
fixed length control field 020430n2002 000 0 eng u
035 ## - SYSTEM CONTROL NUMBER
System control number (Sirsi) u117755
100 ## - MAIN ENTRY--PERSONAL NAME
Personal name Forrest, E
245 ## - TITLE STATEMENT
Title Where is construction's peace dividend?
260 ## - PUBLICATION, DISTRIBUTION, ETC.
Date of publication, distribution, etc. 2002
490 ## - SERIES STATEMENT
Series statement Construction News
Volume/sequential designation (6762) 18 April 2002, 26-29(4)
520 ## - SUMMARY, ETC.
Summary, etc. Two articles on construction in Northern Ireland discuss whether the peace process has seen private investment opportunities open up in the province. Concludes that firms are still cautious and development is slow. Second article "Co-operation has been contractors' watchword" reviews whether establishment of regional "Rethinking construction" centres has aided implementation of Egan report.
590 ## - LOCAL NOTE (RLIN)
Local note ABS
650 ## - SUBJECT ADDED ENTRY--TOPICAL TERM
Topical term or geographic name entry element NORTHERN IRELAND
650 ## - SUBJECT ADDED ENTRY--TOPICAL TERM
Topical term or geographic name entry element EGAN REFORMS
650 ## - SUBJECT ADDED ENTRY--TOPICAL TERM
Topical term or geographic name entry element EGAN REFORMS
650 ## - SUBJECT ADDED ENTRY--TOPICAL TERM
Topical term or geographic name entry element PARTNERING
650 ## - SUBJECT ADDED ENTRY--TOPICAL TERM
Topical term or geographic name entry element PRIVATE INVESTMENT
690 ## - LOCAL SUBJECT ADDED ENTRY--TOPICAL TERM (OCLC, RLIN)
Topical term or geographic name as entry element BUILDING AND CONSTRUCTION-PROJECTS
942 ## - ADDED ENTRY ELEMENTS (KOHA)
Suppress in OPAC 0
Holdings
Withdrawn status Lost status Source of classification or shelving scheme Damaged status Not for loan Home library Current library Shelving location Date acquired Total Checkouts Full call number Barcode Date last seen Copy number Price effective from Koha item type
    Dewey Decimal Classification     London London Journal article 30/04/2002   ABS65322 117755-1001 06/08/2019 1 06/08/2019 Journal article